| 000 | 00799cab a2200241 4500 | ||
|---|---|---|---|
| 001 | ABS46967 | ||
| 008 | 090401t1992 xxu||||| |||| 00| 0 eng d | ||
| 035 | _a(Sirsi) u60230 | ||
| 041 | _aeng | ||
| 245 | _aReview of the Architects Registration Act 1931-1969 | ||
| 260 | _c1992 | ||
| 350 | _a0 | ||
| 490 |
_aArchitect and Surveyor _v67(7) July 1992, 24-26(3) |
||
| 520 | _aThe IAAS does not believe that statutory registration of architects is necessary. The Association`s argument is reproduced. | ||
| 650 | _aARCHITECTS REGISTRATION ACTS | ||
| 650 | _aARCHITECTS | ||
| 650 | _aARCUK | ||
| 650 | _aINCORPORATED ASSOCIATION OF ARCHITECTS AND SURVEYORS | ||
| 650 | _aREGISTRATION | ||
| 690 | _aMANAGEMENT-BUSINESS MANAGEMENT-PROFESSIONAL PRACTICE | ||
| 942 | _n0 | ||
| 948 | _c04/03/1997 | ||
| 999 |
_c37108 _d37108 |
||